| 000 | 00671nam a22002297a 4500 | ||
|---|---|---|---|
| 001 | 86770 | ||
| 003 | UA-OsUOA | ||
| 005 | 20211105215153.0 | ||
| 007 | ta | ||
| 008 | 20120911b un ||||| |||| 00| 0 ukr d | ||
| 040 |
_aUA-OsUOA _brus _cUA-OsUOA _dUA-OsUOA |
||
| 041 | _arus | ||
| 080 | _a94(470+571) | ||
| 090 |
_a94(470+571) _bС82 |
||
| 100 | _aСторожев В. | ||
| 245 | _aСоюз рабочего класса и беднейшего крестьянства в Социалистической революции | ||
| 260 |
_aМ. _bПолитиздат _c1954 |
||
| 300 | _a215 с. | ||
| 650 | 7 |
_a94 Історія _2UDC |
|
| 942 |
_cBK _2udc |
||
| 955 | _a5 | ||
| 999 |
_c372929 _d372929 |
||